000 00670nam a22002057a 4500
003 koha_MIRAKIL
005 20250604130513.0
008 250604b eng||||| |||| 00| 0 eng d
020 _a9780763648497
040 _aTR-IsEVY
_btur
_cTR-IsEVY
082 _a420 MCD/J
100 _aMcDonald, Megan
245 0 _aJudy Moody was in a mood /
_cMegan McDonald ; illustrated by Peter H. Reynolds.
260 _aUSA :
_bCandlewick Press,
_c2010.
300 _a152 p. :
_bpictures ;
_c19 cm.
490 0 _aJudy Moody ;
_v1.
650 0 0 _aEnglish Language.
_vEnglish Educations.
_vReading.
_vChildren's Stories.
700 1 _aReynolds, Peter H.
_cillustrated.
942 _2ddc
_cBK
999 _c22418
_d22418